00384 a2200121 4500001000900000005001700009008004100026245004700067100003200114700002500146773007400171999001700245ART_905620260410161845.0260409a 10a¿Economía abierta y política cerrada?1 aDíaz Alejandro, Carlos F.1 aSuárez, Eduardo L.0 tEl trimestre económicog- Vol. L, Nº 197 (ene./mar. 1983)wREV6933 c24493d24493